Manuscritos sobre México en la Biblioteca Nacional de Madrid (Record no. 97095)

MARC details
000 -LEADER
campo de control de longitud fija 01014nam a2200265 i 4500
001 - NÚMERO DE CONTROL
campo de control 97095
003 - IDENTIFICADOR DE NÚMERO DE CONTROL
campo de control ES-MaACL
005 - FECHA Y HORA DE LA ÚLTIMA TRANSACCIÓN
campo de control 20251003161852.0
007 - CAMPO FIJO DE DESCRIPCIÓN FÍSICA--INFORMACIÓN GENERAL
campo de control de longitud fija t|
008 - DATOS DE LONGITUD FIJA--INFORMACIÓN GENERAL
campo de control de longitud fija 050706s1933 sp ||||1| spa d
080 ## - NÚMERO DE LA CLASIFICACIÓN DECIMAL UNIVERSAL
Número de la Clasificación Decimal Universal 017.1(460.27 M.)
080 ## - NÚMERO DE LA CLASIFICACIÓN DECIMAL UNIVERSAL
Número de la Clasificación Decimal Universal 016:72:091
245 00 - MENCIÓN DEL TÍTULO
Título Manuscritos sobre México en la Biblioteca Nacional de Madrid
Resto del título : (sacado del Cátalogo de manuscritos de América) /
Mención de responsabilidad, etc. de D. Julián Paz.
260 ## - PUBLICACIÓN, DISTRIBUCIÓN, ETC.
Lugar de publicación, distribución, etc. Madrid :
Nombre del editor, distribuidor, etc. [s.n.],
Fecha de publicación, distribución, etc. 1933 (
Fabricante Gráficas Marinas)
300 ## - DESCRIPCIÓN FÍSICA
Extensión 277 p. ;
Dimensiones 22 cm.
490 1# - MENCIÓN DE SERIE
Mención de serie Cuadernos mexicanos de la Embajada de México en España
650 04 - PUNTO DE ACCESO ADICIONAL DE MATERIA--TÉRMINO DE MATERIA
Término de materia o nombre geográfico como elemento de entrada Manuscritos-
Subdivisión general Biblioteca Nacional (España)-
-- Catálogos.
9 (RLIN) 14753
651 #4 - PUNTO DE ACCESO ADICIONAL DE MATERIA--NOMBRE GEOGRÁFICO
Nombre geográfico México-
Subdivisión general Historia-
Subdivisión de forma Fuentes.
9 (RLIN) 144859
700 1# - ENTRADA AGREGADA--NOMBRE PERSONAL
Nombre de persona Paz Espeso, Julián,
Fechas asociadas al nombre 1868-1962
9 (RLIN) 89769
710 2# - ENTRADA AGREGADA--NOMBRE DE ENTIDAD CORPORATIVA
Nombre de entidad corporativa o nombre de jurisdicción como elemento de entrada Biblioteca Nacional (España)
9 (RLIN) 2188
710 0# - ENTRADA AGREGADA--NOMBRE DE ENTIDAD CORPORATIVA
Nombre de entidad corporativa o nombre de jurisdicción como elemento de entrada México.
Unidad subordinada Embajada (España)
9 (RLIN) 5700
830 0# - PUNTO DE ACCESO ADICIONAL DE SERIE-TÍTULO UNIFORME
Título uniforme Cuadernos mexicanos de la Embajada de México en España
9 (RLIN) 184247
852 ## - LOCALIZACIÓN
Ubicación ES-MaACL
Número de control de estantería A-1818
Holdings
Estatus retirado Estado de pérdida Estado de daño No para préstamo Biblioteca de origen Biblioteca actual Ubicación en estantería Fecha de adquisición Fuente de adquisición Total de préstamos Signatura topográfica completa Código de barras Visto por última vez Precio de reemplazo Tipo de ítem Koha
        Biblioteca del Ateneo de Madrid Biblioteca del Ateneo de Madrid Sala Pecera Planta 1 17/01/2008     A-1818 1101368 23/02/2023 23/02/2023 Libro impreso